Polymeric microcapsules for encapsulation of pancreatic islets in diabetes treatment
Salvato in:
| Autore principale: | |
|---|---|
| Altri autori: | |
| Natura: | Manoscritto Libro |
| Lingua: | slovacco inglese |
| Pubblicazione: |
2023
|
| Soggetti: | |
| Accesso online: | http://is.stuba.sk/zp/portal_zp.pl?podrobnosti=172501 |
| Tags: |
Nessun Tag, puoi essere il primo ad aggiungerne!!
|
MARC
| LEADER | 00000ntm a22000003a 4500 | ||
|---|---|---|---|
| 001 | stuzp87099 | ||
| 003 | SK-STU | ||
| 005 | 20230909210812.2 | ||
| 007 | ta | ||
| 008 | 150427s2015----xo-----f-mn---000-0-slo-d | ||
| 040 | |a STU |b slo | ||
| 041 | 0 | |a eng | |
| 100 | 1 | |a Dorchei, Faeze |u 049370 |4 aut |U FCHPT Ústav prírodných a syntetických polymérov |T FCHPT Oddelenie plastov, kaučuku a vlákien |X 100145 |U C9370 |Y 128 |7 100145 | |
| 242 | 0 | 1 | |a Polymérne mikrokapsule na enkapsuláciu pankreatických buniek v liečbe cukrovky |y slo |
| 245 | 1 | 0 | |a Polymeric microcapsules for encapsulation of pancreatic islets in diabetes treatment |
| 260 | |c 2023 | ||
| 650 | 4 | |a hydrogélové biomateriály |2 slo | |
| 650 | 4 | |a mikrokapsuly |2 slo | |
| 650 | 4 | |a mikroguličky |2 slo | |
| 650 | 4 | |a Diabetes |2 slo | |
| 650 | 4 | |a alginát |2 slo | |
| 650 | 4 | |a transplantácia ostrovčekov |2 slo | |
| 650 | 4 | |a enkapsulácia ostrovčekov |2 slo | |
| 650 | 4 | |a hydrogel biomaterials |2 eng | |
| 650 | 4 | |a islets transplantation |2 eng | |
| 650 | 4 | |a Diabetes |2 eng | |
| 650 | 4 | |a alginate |2 eng | |
| 650 | 4 | |a microbeads |2 eng | |
| 650 | 4 | |a microcapsules |2 eng | |
| 650 | 4 | |a islet encapsulation |2 eng | |
| 700 | 1 | |a Lacík, Igor |4 ths |X 62118 |7 62118 | |
| 856 | 4 | |u http://is.stuba.sk/zp/portal_zp.pl?podrobnosti=172501 | |